000 00243nam a2200097Ia 4500
001 643339
005 20250826153544.0
008 250824s9999 xx 000 0 und d
245 0 _aHİLAL UĞRUNA
_cAHMET YILMAZ BOYUNAĞA
260 _bGENÇ TİMAŞ
999 _c643339
_d643339